| 000 | 00489nam a22001457a 4500 | ||
|---|---|---|---|
| 027 | _qHard Cover. | ||
| 040 | _cRCMS. | ||
| 082 |
_a615.19 _bPIE |
||
| 100 |
_aJean Pierre Doucet and Jacques Weber. _9109933 |
||
| 245 |
_aComputer Aided Molecular: _bDesign Theory and Applications / _cPierre Doucet, Jean and Jacques Weber |
||
| 260 |
_aLondon: _bAcademic Press Limited, _c1997. |
||
| 300 |
_a360 p. : _bill. ; _c30cm. |
||
| 650 |
_xComputer Aided Molecular Design. _9109934 |
||
| 942 |
_2ddc _cBK |
||
| 999 |
_c593541 _d593541 |
||